000 00694nam a2200241 i 4500
001 C2-0287489
003 PPAK
005 20180728020804.0
008 080214s2007 mau |||| ||||| | eng d
020 _a9781422104149
040 _aPPAK
_beng
_cPPAK
_erda
082 0 4 _a658.4092
_223
090 0 0 _a658.4092
_bMAC
_dLCK
100 1 _aMaccoby, Micheal,
_eauthor
245 1 0 _aNarcissistic leaders :
_bwho succeeds and who fails
264 1 _aBoston, Massachusetts :
_bHarvard Business School Press ,
_c2007
300 _ax, 300 pages ;
_c21 cm
336 _2rdacontent
_atext
337 _2rdamedia
_aunmediated
338 _2rdacarrier
_avolume
650 1 0 _aLeardership
942 _ddc
_cB
999 _c93181
_d93181